00774nam a22002057a 4500003000900000008004100009040007100050082001600121100002800137245004800165260003900213300002500252505015100277650002000428650002400448650002100472650001900493700002800512700002800540AR-CdUCM190514b ||||| |||| 00| 0 spa d aMUNICIPALIDAD PROVINCIAL DEL CUSCOcBIBLIOTECA MUNICIPAL DEL CUSCO a364 /bOL44 aOlivera Diaz, Guillermo aProceso político peruano y criminologia / aLima ::bTipografia offset,c1975. a98 paginas ;c22 cm. aContenido : Ciencias penales y proceso peruano -- De la visión criminologico - comparativa del proceso peruano -- Proceso peruano criminogeno... aProceso peruano aProceso criminogeno aCiencias penales aCriminologia  aLopez Jara, Victor Raul aHonores Huarcaya, Jorge